| 000 | 00609nam a2200241Ia 4500 | ||
|---|---|---|---|
| 003 | OSt | ||
| 005 | 20221007073436.0 | ||
| 006 | a|||||r|||| 00| 0 | ||
| 007 | ta | ||
| 008 | 221006b |||||||| |||| 00| 0 eng d | ||
| 020 | _cRs. 25/- | ||
| 024 | _a7,780 | ||
| 037 | _cTextual | ||
| 040 |
_aFLL _cFLL _beng |
||
| 041 |
_2eng _aeng |
||
| 082 | _aXM55:Z2, L4 | ||
| 100 | _aAvtar Singh | ||
| 245 | 0 | _aIndian company law | |
| 260 |
_aLucknow _bEastern Book Company India _c1974 |
||
| 300 |
_alx,558p _ccm. |
||
| 942 |
_hXM55:Z2, L4 _cTEXL _2CC |
||
| 999 |
_c1148749 _d1148749 |
||